Contos (Registo nº 1532)
[ vista simples ]
| 000 -Etiqueta do registo | |
|---|---|
| Cabeçalho | 00693nam0a22002531 4500 |
| 005 - Identificador da versão | |
| Campo de controlo | 20240813121839.0 |
| 010 ## - Número internacional normalizado dos livros (ISBN) | |
| Número (ISBN) | 9789720049520 |
| 021 ## - Número do Depósito Legal | |
| Código do país | PT |
| Número | 299336/09 |
| 100 ## - Dados gerais de processamento | |
| Dados gerais de processamento | 20150811d2014 a e0pory5003 ba |
| 102 ## - Pais de publicação ou produção | |
| País de publicação | Portugal |
| 101 0# - Língua de publicação | |
| Língua do texto, banda sonora, etc. | Português |
| 215 ## - Descrição física | |
| Indicação específica da natureza do documento e extensão da espécie | 255, [1] p |
| 200 1# - Titulo e menção de responsabilidade | |
| Título próprio | Contos |
| Primeira menção de responsabilidade | Eça de Queirós |
| 210 ## - Publicação, Distribuição, etc. | |
| Lugar da edição, distribuição, etc. | Porto |
| Nome do editor, distribuidor, etc. | Porto ed. |
| Data da publicação, distribuição, etc. | 2014 |
| 300 ## - Notas gerais | |
| Texto da nota | Metas Curriculares |
| Texto da nota | Plano Nacional de Leitura |
| 606 ## - Nome comum usado como assunto | |
| Número de registo de entrada de autoridade | 0002010 |
| Palavra de ordem | Literatura portuguesa |
| Subdivisão de assunto | Conto |
| Código do sistema | CA |
| 675 ## - Classificação Decimal Universal (CDU) | |
| Notação | 821.134.3-34 |
| Edição | 3ª ed. |
| Língua da edição | por |
| 700 #0 - Nome de autor-pessoa física (responsabilidade principal) | |
| Número de registo de entrada de autoridade | 0002235 |
| Palavra de ordem | Queirós |
| Outra parte do nome não tomada para palavra de ordem | Eça de |
| Datas | 1845-1900 |
| 966 ## - Identificação da Biblioteca | |
| Sigla | EB2,3ENM |
| 942 ## - Elementos de entrada adicionados (Koha) | |
| Tipo de item no Koha | Livro |
| Situação do levantamento | Origin of item (home branch) (coded) | Biblioteca de empréstimo | Código de barras | Cota | Circulation type (not for loan) | Tipo de documento | Nota do exemplar | Damaged status |
|---|---|---|---|---|---|---|---|---|
| Biblioteca Escolar Eng. Nuno Mergulhão | Biblioteca Escolar Eng. Nuno Mergulhão | BENM3636 | 82LP-34 QUE MET PNL | Livro | Sem mensagem | |||
| Biblioteca Escolar Eng. Nuno Mergulhão | Biblioteca Escolar Eng. Nuno Mergulhão | BENM3635 | 82LP-34 QUE MET PNL | Livro | Sem mensagem | |||
| Biblioteca Escolar Eng. Nuno Mergulhão | Biblioteca Escolar Eng. Nuno Mergulhão | BENM3634 | 82LP-34 QUE MET PNL | Livro | Sem mensagem |
